Statistics for General Knowledge True False #6

Click here to take the quiz!

General Stats

  • This quiz has been taken 16,758 times
  • The average score is 12 of 15

Answer Stats

QuestionAnswer% Correct
Among people over the age of 100, women outnumber menTrue
95%
A typical piano has the same number of white keys and black keysFalse
91%
If you multiply a negative number by a negative number, the answer is positiveTrue
90%
There are parts of the moon which were never seen by humans until modern timesTrue
89%
There is a city named Toledo in SpainTrue
86%
A chinchilla is a type of dogFalse
85%
Brad Pitt has an identical twinFalse
83%
"Casablanca" is a black and white movieTrue
82%
In the "Legend of Zelda", Zelda is a boyFalse
77%
A priest is a laypersonFalse
74%
Muslims believe that Jesus was an important prophetTrue
74%
Parts of Brazil extend into the Eastern HemisphereFalse
71%
Philately is a crime in most countriesFalse
67%
Humans have more muscles than bonesTrue
59%
Gold is not actually all that rare - making up about 0.1% of the Earth's crustFalse
35%

Score Distribution

Percentile by Number Answered

Percent of People with Each Score

Your Score History

You have not taken this quiz